Statistics for United States Bellums

Click here to take the quiz!

General Stats

  • This quiz has been taken 6 times
  • The average score is 15 of 73

Answer Stats

Year(s)Main Enemy(s)Answer% Correct
1775-1783Great BritainAmerican Revolutionary Bellum
100%
1861-1865Confederate States of AmericaAmerican Civil Bellum
75%
1812-1815United KingdomBellum of 1812
75%
1899-1901China, Boxers*Boxer Rebellum
75%
1798-1800FranceQuasi-Bellum
75%
1955-1973North Vietnam, Viet CongVietnam Bellum
75%
1914-1918Germany, Austria-HungaryWorld Bellum I
75%
1939-1945Germany, Japan, ItalyWorld Bellum II
75%
1823ArikaraArikara Bellum
50%
1950-1954North KoreaKorean Bellum
50%
1846-1848MexicoMexican-American Bellum
50%
1872-1873ModocModoc Bellum
50%
1815AlgiersSecond Barbary Bellum
50%
1898SpainSpanish-American Bellum
50%
1811TecumsehTecumseh's Bellum
50%
1851-1900ApacheApache Bellums
25%
2001-presentTaliban, al-QaedaBellum in Afghanistan
25%
1832Black Hawks British BandBlack Hawk Bellum
25%
1847-1855CayuseCayuse Bellum
25%
1776-1795CherokeeCherokee-American Bellums
25%
1878-1879CheyenneCheyenne Bellum
25%
1813-1814Red Stick CreekCreek Bellum
25%
1965-1966Dominican ConstitutionalistsDominican Civil Bellum
25%
1801-1805Tripolo, MoroccoFirst Barbary Bellum
25%
1817-1818Seminole, SpainFirst Seminole Bellum
25%
1990-1991IraqGulf Bellum
25%
1858-1866Navajo NationNavajo Bellums
25%
1877Nez PerceNez Perce Bellum
25%
1785-1793Western ConfederacyNorthwest Indian Bellum
25%
1860Paiute peoplePaiute Bellum
25%
1820-1785ComancheTexas-Indian Bellums
25%
1857-1858MormonsUtah Bellum
25%
1827Prairie La Crosse, Ho-ChunksWinnebago Bellum
25%
1896-1918YaquiYaqui Bellums
25%
1861-1875Yavapai IndiansYavapai Bellums
25%
1838United KingdomAroostook Bellum
0%
1878Bannock, Shoshone, PaiuteBannock Bellum
0%
2004-presentTaliban, al-QaedaBellum in Northwest Pakistan
0%
2007-presentAl-Shabaab Hizbul IslamBellum in Somalia
0%
1914-1915Ute, PaiuteBluff Bellum
0%
1910-1919Mexico, GermanyBorder Bellum
0%
1992-1995Republika Srpska, YPA, Serbian KrajinaBosnian Bellum
0%
1876-1877Comanche ApacheBuffalo Hunters' Bellum
0%
1967-1975National United Front of Kampuchea, Khmer RougeCambodian Civil Bellum
0%
1863-1865Cheyenne, Arapaho, SiouxColorado Bellum
0%
1862Dakota SiouxDakota Bellum of 1862
0%
1859-1861Cortinista banditsFirst and Second Cortina Bellum
0%
1992-1995Somali National AllianceFirst Intervention in the Somali Civil Bellum
0%
1876-1866Lakota, Dakota SiouxGreat Sioux Bellum of 1876
0%
2003-2011Islamic State of Iraq, Ba'ath LoyalistsIraq Bellum
0%
1998-1999FR YugoslaviaKosovo Bellum
0%
1953-1975Pathet Lao, North VietnamLaotian Civil Bellum
0%
1875Mexican banditsLas Cuevas Bellum
0%
1982-1984Lebanese National MovementLebanese Civil Bellum
0%
1899-1902Philippine RepublicPhilippine-American Bellum
0%
1865Sioux, Cheyenne, ArapahoPowder River Bellum
0%
1855-1856Native AmericansPuget Sound Bellum
0%
1866-1868Lakota, Cheyenne, ArapahoRed Cloud's Bellum
0%
1874-1875Cheyenne, ArapahoRed River Bellum
0%
1855-1856Rogue River PeopleRogue River Bellums
0%
1918-1920Russian SFSRRussian Civil Bellum
0%
1856-1859Qing DynastySecond Opium Bellum
0%
1898-1899Mataafans, GermanySecond Samoan Civil Bellum
0%
1835-1842SeminoleSecond Seminole Bellum
0%
1879ShoshoneSheepeater Indian Bellum
0%
1863-1864Choshu DomainShimonoseki Bellum
0%
1864-1868Paiute, Bannock, ShoshoneSnake Bellum
0%
1987-1988IranTanker Bellum
0%
1855-1858SeminoleThird Seminole Bellum
0%
1879-1881ApacheVictorio's Bellum
0%
1879-1880UteWhite River Bellum
0%
1855-1858YakamaYakima Bellum
0%
2015-presentSupreme Political Council, HouthisYemeni Civil Bellum
0%

Score Distribution

Percentile by Number Answered

Percent of People with Each Score

Your Score History

You have not taken this quiz